000 00621nam a22001937a 4500
005 20251108170942.0
008 250721s1994 xx 000 0 ara d
082 1 4 _aط/599.74/مهد
100 1 _aمهدي، شفيق
_eمؤلف
245 1 0 _aالكلب و إخوانه /
264 1 _aبيروت :
_bالمؤسسة العربية للدراسات و النشر،
_c1994.
300 _a16ص : مص
490 0 _aموسوعة الحيوان
650 1 7 _aالكلاب
653 _aأطفال مرحلة متوسطة (6-9 سنوات)
700 1 _aشوقي، محمد
_eCart.
942 _2ddc
_cBK
999 _c52919
_d52919